Retallable del castell de Montsoriu : Viu el Parc : Parc Natural del Montseny : reserva de la biosfera Viu el Parc :
Publicado:
Barcelona :
Diputació Barcelona. Àrea d'Espais Naturals. Xarxa de Parcs Naturals : Diputació de Girona ,
2010
Descripción Física:
[9] p.: il. col. ; 27 cm
Otros Autores:
Girona. Diputació
MARC
| LEADER | 00000nam a2200000Ia 4500 | ||
|---|---|---|---|
| 001 | 23002 | ||
| 008 | 160829s2010 xx 000 0 cat d | ||
| 080 | |a FU-58-22 | ||
| 245 | |a Retallable del castell de Montsoriu : |b Viu el Parc : |b Parc Natural del Montseny : |b reserva de la biosfera | ||
| 260 | |a Barcelona : |b Diputació Barcelona. Àrea d'Espais Naturals. Xarxa de Parcs Naturals : |b Diputació de Girona, |c 2010 | ||
| 300 | |a [9] p.: |b il. col. ; |c 27 cm | ||
| 610 | 0 | |a Parc Natural del Montseny (Catalunya) |9 10461 | |
| 610 | 2 | 0 | |a Castell de Montsoriu (Arbúcies, Catalunya) |9 53371 |
| 650 | |a Retallables (Art) |9 46192 | ||
| 700 | |a Girona. Diputació | ||
| 710 | |a Parc Natural del Montseny (Catalunya) |9 10461 | ||
| 710 | 1 | |a Barcelona (Catalunya : Província). |b Xarxa de Parcs Naturals |9 7250 | |
| 710 | |a Barcelona (Catalunya : Província). |b Àrea d'Espais Naturals |9 9050 | ||
| 901 | |a Arxiu | ||
| 942 | |n 1 | ||
| 952 | |0 0 |1 0 |4 0 |6 FU5822 |7 1 |9 53059 |a Arxiu |b Arxiu |d 2016-12-01 |l 0 |o FU-58-22 |p 23002 |r 2016-12-01 00:00:00 |w 2016-12-01 |y ARXIU | ||
| 999 | |c 56908 |d 56908 | ||